000 00509nam a2200193Ia 4500
999 _c3165
_d3165
003 OSt
005 20200818130123.0
008 190216s9999||||xx |||||||||||||| ||und||
020 _a9788175961579
040 _coclc
082 _a540
_bHAR/C
100 _aHarwood, Richard
_94191
245 0 _aChemistry /
_cRichard Harwood
250 _aNew Ed.
260 _bCambridge Uty Press,
_c2003.
_aUK:
300 _a415p
650 _aChemistry
942 _cBK
_2ddc
_h540
_iHAR/C
_k540
_mHAR/C